[Event "Berlin Lichtenberger op 8th"]
[Site "Berlin"]
[Date "2009.08.19"]
[Round "5"]
[White "Kuechler, Felix"]
[Black "Huebner, Alan Ari"]
[Result "1-0"]
[WhiteElo "1714"]
[BlackElo "1145"]
[PlyCount "105"]
[EventDate "2009.08.15"]
[EventType "swiss"]
[EventRounds "9"]
[EventCountry "GER"]
[SourceTitle "CBM 131 Extra"]
[Source "ChessBase"]
[SourceDate "2009.09.03"]
[SourceVersion "2"]
[SourceVersionDate "2009.09.16"]
[SourceQuality "1"]

1. e4 e6 2. d4 d5 3. e5 c5 4. c3 Nc6 5. Nf3 Qb6 6. a3 cxd4 7. cxd4 Nh6 8. Bd3 Bd7 9. Bc2 Nf5 10. Bxf5 exf5 11. 0-0 Be7 12. Nc3 Be6 13. b4 a6 14. Be3 0-0 15. Qb3 Rfd8 16. Qa2 Rac8 17. Rfc1 f4 18. Bxf4 Nxd4 19. Nxd4 Qxd4 20. Ne2 Rxc1+ 21. Rxc1 Qb6 22. Qd2 d4 23. Bg5 Bxg5 24. Qxg5 d3 25. Rd1 h6 26. Qh4 dxe2 27. Rxd8+ Kh7 28. Qe4+ g6 29. Rd2 Bc4 30. Rxe2 Bxe2 31. Qxe2 Qd4 32. h3 Qa1+ 33. Kh2 Qxa3 34. Qc4 Kg7 35. Qd4 Kg8 36. Qd8+ Kg7 37. Qf6+ Kg8 38. e6 fxe6 39. Qxe6+ Kg7 40. Qe7+ Kg8 41. Qxb7 Qa4 42. Qb6 Kf7 43. Kg3 Qb3+ 44. f3 Qd3 45. Qc7+ Kf6 46. Qf4+ Kg7 47. Qe4 Qd6+ 48. f4 Qd7 49. Kf3 Qd2 50. Qb7+ Kf8 51. Qxa6 Qc3+ 52. Kg4 Qc8+ 53. Qxc8+ 1-0

[Event "Berlin Lichtenberger op 8th"]
[Site "Berlin"]
[Date "2009.08.16"]
[Round "2"]
[White "Huebner, Alan Ari"]
[Black "Schweitzer, Paul"]
[Result "1/2-1/2"]
[WhiteElo "1145"]
[BlackElo "1794"]
[PlyCount "60"]
[EventDate "2009.08.15"]
[EventType "swiss"]
[EventRounds "9"]
[EventCountry "GER"]
[SourceTitle "CBM 131 Extra"]
[Source "ChessBase"]
[SourceDate "2009.09.03"]
[SourceVersion "2"]
[SourceVersionDate "2009.09.16"]
[SourceQuality "1"]

1. d4 d5 2. c4 Nc6 3. Nc3 dxc4 4. Nf3 Bg4 5. e3 e6 6. Bxc4 Nf6 7. 0-0 Be7 8. d5 Bxf3 9. Qxf3 Ne5 10. Qf4 Nxc4 11. Qxc4 exd5 12. Qb5+ Qd7 13. Qxb7 0-0 14. Rd1 c6 15. Qxd7 Nxd7 16. e4 Bb4 17. exd5 Bxc3 18. dxc6 Ne5 19. bxc3 Nxc6 20. Bf4 h6 21. h4 Rfc8 22. Rd3 f6 23. Rad1 g5 24. hxg5 hxg5 25. Bg3 Kf7 26. Re3 Rd8 27. Red3 Rac8 28. f3 Rxd3 29. Rxd3 Rd8 30. Rxd8 Nxd8 1/2-1/2